| 000 | 00731nam a22001815i 4500 | ||
|---|---|---|---|
| 001 | 165267 | ||
| 003 | ES-MaACL | ||
| 005 | 20230906213112.0 | ||
| 008 | 050906s1842 fr | |||||||| ||fre d | ||
| 040 |
_aCAM _bspa _cCAM |
||
| 100 | 1 |
_aSerrigny. _9132680 |
|
| 245 | 1 | 0 |
_aTraité de l'organisation, de la compétence et de la procédure en matière contentieuse administrative, dans leurs rapports avec le droit civil / _cpar Serrigny. |
| 260 |
_aParis : _bJoubert, libraire-éditeur, _c1842 ( _eDijon : _fImprimerie de Douillier) |
||
| 300 |
_a2 v. (VI, 634 ; 599 p.) ; _c21 cm. |
||
| 650 | 4 |
_aProcedimiento administrativo. _9136768 |
|
| 700 | 1 |
_aJoubert, Joseph, _eed. _9128363 |
|
| 852 |
_aES-MaACL _jG-12995-12996 _z-- Enc. hol. |
||
| 999 |
_c165267 _d165267 |
||